[Event "ESP-ch U14 rapid"]
[Site "Salobrena"]
[Date "2024.07.21"]
[Round "5"]
[White "Mansor Habash, Zouheir"]
[Black "Ibanez Valentin, Gabriel"]
[Result "0-1"]
[WhiteElo "1838"]
[BlackElo "1760"]
[PlyCount "62"]
[EventDate "2024.07.20"]
[EventType "swiss (rapid)"]
[EventRounds "9"]
[EventCountry "ESP"]
[SourceTitle "CBM 221 Extra"]
[Source "ChessBase"]
[SourceDate "2024.09.30"]
[SourceVersion "1"]
[SourceVersionDate "2024.09.30"]
[SourceQuality "1"]

1. e4 c6 2. Nc3 d5 3. Nf3 Bg4 4. h3 Bxf3 5. Qxf3 e6 6. Be2 Nd7 7. d4 dxe4 8. Nxe4 Ngf6 9. c3 Nxe4 10. Qxe4 Nf6 11. Qf3 Be7 12. Qg3 Qb6 13. 0-0 0-0-0 14. Bf4 Nd5 15. Bf3 Nxf4 16. Qxf4 Rdf8 17. a4 Qc7 18. Qe4 g5 19. a5 a6 20. c4 h5 21. d5 g4 22. Be2 Rhg8 23. h4 e5 24. dxc6 f5 25. cxb7+ Kb8 26. Qd5 Bc5 27. g3 f4 28. Kh2 e4 29. Qxe4 Bxf2 30. gxf4 Rxf4 31. Qg2 g3+ 0-1

[Event "ESP-ch U14 rapid"]
[Site "Salobrena"]
[Date "2024.07.20"]
[Round "3"]
[White "Feal Albala, Alonso"]
[Black "Ibanez Valentin, Gabriel"]
[Result "1-0"]
[WhiteElo "1997"]
[BlackElo "1760"]
[PlyCount "147"]
[EventDate "2024.07.20"]
[EventType "swiss (rapid)"]
[EventRounds "9"]
[EventCountry "ESP"]
[SourceTitle "CBM 221 Extra"]
[Source "ChessBase"]
[SourceDate "2024.09.30"]
[SourceVersion "1"]
[SourceVersionDate "2024.09.30"]
[SourceQuality "1"]

1. d4 d5 2. Nf3 Nf6 3. c4 e6 4. g3 Be7 5. Bg2 0-0 6. Nc3 b6 7. 0-0 Bb7 8. Re1 Nbd7 9. cxd5 Nxd5 10. e4 N5f6 11. Bf4 Nh5 12. Be3 Nhf6 13. Qc2 c5 14. Rad1 cxd4 15. Nxd4 Bc5 16. a3 a5 17. h3 Qe7 18. Ndb5 Rac8 19. e5 Nd5 20. Na7 Nxe3 21. Nxc8 Nxc2 22. Nxe7+ Bxe7 23. Rxd7 Nxe1 24. Bxb7 Bc5 25. Be4 f5 26. exf6 Rxf6 27. Rd2 Nf3+ 28. Bxf3 Rxf3 29. Ne4 Rb3 30. Kg2 e5 31. Nxc5 bxc5 32. Rc2 a4 33. Kf1 Kf7 34. Ke2 Ke6 35. Kd2 Rf3 36. Ke2 Rb3 37. Rxc5 Rxb2+ 38. Ke3 Rb3+ 39. Ke4 Rxa3 40. Rxe5+ Kf6 41. Ra5 Ra1 42. h4 Rf1 43. f3 Re1+ 44. Kf4 Ra1 45. Ra6+ Kf7 46. h5 Rc1 47. Rxa4 Rc6 48. Ra7+ Kf6 49. Kg4 Rc4+ 50. f4 Rc6 51. h6 gxh6 52. Rxh7 Kg6 53. Ra7 Rf6 54. Kh4 Rc6 55. g4 Rc1 56. Ra6+ Kg7 57. Ra7+ Kg6 58. f5+ Kf6 59. Ra6+ Kg7 60. Ra3 Rh1+ 61. Rh3 Rg1 62. Rh2 Rb1 63. Kh5 Ra1 64. f6+ Kxf6 65. Kxh6 Rf1 66. g5+ Kf7 67. Kh7 Rg1 68. Rh5 Ra1 69. g6+ Kf6 70. g7 Ra7 71. Rh6+ Kg5 72. Rg6+ Kh5 73. Rg1 Kh4 74. Kh8 1-0

[Event "ESP-ch U14"]
[Site "Salobrena"]
[Date "2024.07.20"]
[Round "9"]
[White "Sergooris, Danail Jurgen"]
[Black "Ibanez Valentin, Gabriel"]
[Result "1/2-1/2"]
[WhiteElo "1953"]
[BlackElo "1879"]
[PlyCount "60"]
[EventDate "2024.07.15"]
[EventType "swiss"]
[EventRounds "9"]
[EventCountry "ESP"]
[SourceTitle "EXT 2025"]
[Source "ChessBase"]
[SourceDate "2024.10.14"]
[SourceVersion "1"]
[SourceVersionDate "2024.10.14"]
[SourceQuality "1"]

1. d4 d5 2. Bf4 Nf6 3. e3 c5 4. Nc3 a6 5. dxc5 Nc6 6. a3 Bf5 7. Nf3 e6 8. b4 Be7 9. Na4 Nd7 10. Be2 0-0 11. 0-0 h5 12. h3 Bg6 13. Bh2 a5 14. c3 h4 15. Nd4 Na7 16. f4 Be4 17. f5 e5 18. Nf3 Bg5 19. Nxe5 Bxe3+ 20. Kh1 Nxe5 21. Bxe5 Re8 22. Bd4 Qc7 23. Bf3 Bxd4 24. Qxd4 Nb5 25. Qf2 axb4 26. axb4 Qd8 27. Be2 Nc7 28. Bg4 Qf6 29. Qd2 Nb5 30. Be2 Nc7 1/2-1/2

[Event "ESP-ch U14"]
[Site "Salobrena"]
[Date "2024.07.19"]
[Round "8"]
[White "Ibanez Valentin, Gabriel"]
[Black "Mares, Mario Gabriel"]
[Result "1-0"]
[WhiteElo "1879"]
[BlackElo "1942"]
[PlyCount "138"]
[EventDate "2024.07.15"]
[EventType "swiss"]
[EventRounds "9"]
[EventCountry "ESP"]
[SourceTitle "EXT 2025"]
[Source "ChessBase"]
[SourceDate "2024.10.14"]
[SourceVersion "1"]
[SourceVersionDate "2024.10.14"]
[SourceQuality "1"]

1. e4 c6 2. d4 d5 3. exd5 cxd5 4. Bd3 Nc6 5. c3 Nf6 6. h3 g6 7. Nf3 Bg7 8. 0-0 0-0 9. Qc2 Bd7 10. Re1 Rc8 11. Qe2 Qc7 12. Ne5 Nxe5 13. dxe5 Ne4 14. Bxe4 dxe4 15. Qxe4 Bc6 16. Qe2 e6 17. Bg5 h6 18. Bh4 g5 19. Bg3 Rfd8 20. Nd2 Bb5 21. Qxb5 Rxd2 22. Rab1 Bf8 23. Qa4 Rcd8 24. h4 Bc5 25. hxg5 Qb6 26. gxh6 Bxf2+ 27. Kh1 Bxg3 28. Qg4+ Kf8 29. Qg7+ Ke7 30. Qg5+ Kd7 31. Qxd2+ Kc8 32. Qe3 Bxe1 33. Qxb6 axb6 34. Rxe1 Rh8 35. Re3 Rxh6+ 36. Rh3 Rg6 37. Rh7 Rg5 38. Rxf7 Rxe5 39. Rf2 Kd7 40. g3 Kd6 41. Kg2 Rg5 42. Rd2+ Ke5 43. Rd7 Ke4 44. Rxb7 b5 45. Rb6 Re5 46. Rd6 Ke3 47. b3 Ke2 48. g4 Re3 49. c4 bxc4 50. bxc4 e5 51. Rd5 e4 52. Re5 Kd3 53. Kf2 Rf3+ 54. Kg2 Re3 55. g5 Kd4 56. g6 Ra3 57. Re7 Rxa2+ 58. Kg3 e3 59. g7 Ra1 60. Kg2 Ra8 61. Kf3 Rg8 62. Rc7 Kd3 63. c5 e2 64. Rd7+ Kc4 65. Kxe2 Kxc5 66. Kf3 Kc6 67. Ra7 Kd6 68. Kf4 Ke6 69. Kg5 Kd5 1-0

[Event "ESP-ch U14"]
[Site "Salobrena"]
[Date "2023.07.18"]
[Round "3"]
[White "Molina Gil, Noah"]
[Black "Ibanez Valentin, Gabriel"]
[Result "1/2-1/2"]
[WhiteElo "1795"]
[BlackElo "1600"]
[PlyCount "36"]
[EventDate "2023.07.17"]
[EventType "swiss"]
[EventRounds "9"]
[EventCountry "ESP"]
[SourceTitle "EXT 2024"]
[Source "ChessBase"]
[SourceDate "2023.10.10"]
[SourceVersion "1"]
[SourceVersionDate "2023.10.10"]
[SourceQuality "1"]

1. e4 c6 2. Nf3 d5 3. exd5 cxd5 4. Ne5 Nc6 5. d4 e6 6. Bb5 Qc7 7. Bxc6+ bxc6 8. 0-0 Nf6 9. Nd2 Bd6 10. Re1 0-0 11. Nb3 a5 12. a4 Ba6 13. Bd2 Bc4 14. Nc5 Ba6 15. Nb3 Bc4 16. Nc5 Ba6 17. Nb3 Bc4 18. Nc5 Ba6 1/2-1/2

[Event "ESP-ch U14"]
[Site "Salobrena"]
[Date "2023.07.17"]
[Round "2"]
[White "Ibanez Valentin, Gabriel"]
[Black "Rodriguez Antequera, Biel"]
[Result "1/2-1/2"]
[WhiteElo "1600"]
[BlackElo "1793"]
[PlyCount "75"]
[EventDate "2023.07.17"]
[EventType "swiss"]
[EventRounds "9"]
[EventCountry "ESP"]
[SourceTitle "EXT 2024"]
[Source "ChessBase"]
[SourceDate "2023.10.10"]
[SourceVersion "1"]
[SourceVersionDate "2023.10.10"]
[SourceQuality "1"]

1. e4 e5 2. Nf3 Nc6 3. Bc4 Nf6 4. d4 exd4 5. e5 d5 6. Bb5 Ne4 7. Nxd4 Bd7 8. Nxc6 Bxc6 9. Bxc6+ bxc6 10. Nd2 Nxd2 11. Bxd2 Bc5 12. 0-0 0-0 13. Kh1 Rb8 14. Rb1 Bd4 15. Bc3 Bxc3 16. bxc3 Qe7 17. f4 Qa3 18. Rb3 Qxa2 19. Qb1 Qxb1 20. Rfxb1 Rb6 21. Ra1 Ra8 22. h3 Kf8 23. Ra5 Ke7 24. Kg1 Kd7 25. Kf2 Rxb3 26. cxb3 Rb8 27. b4 d4 28. cxd4 Rxb4 29. Ke3 Rb2 30. g4 Rb3+ 31. Ke4 Rxh3 32. Rxa7 Rg3 33. g5 h5 34. gxh6 gxh6 35. Ra8 h5 36. Rh8 Rh3 37. Rf8 Ke7 38. Rc8 1/2-1/2

[Event "Madrid Alcorcon op 1st"]
[Site "Madrid"]
[Date "2022.12.29"]
[Round "7"]
[White "Torres Rebolledo, Marcos"]
[Black "Ibanez Valentin, Gabriel"]
[Result "1/2-1/2"]
[WhiteElo "1530"]
[BlackElo "1358"]
[PlyCount "109"]
[EventDate "2022.12.26"]
[EventType "swiss"]
[EventRounds "9"]
[EventCountry "ESP"]
[SourceTitle "CBM 212 Extra"]
[Source "ChessBase"]
[SourceDate "2023.03.31"]
[SourceVersion "1"]
[SourceVersionDate "2023.03.31"]
[SourceQuality "1"]

1. d4 d5 2. c4 c6 3. Nc3 Nf6 4. cxd5 cxd5 5. Bf4 a6 6. e3 Bf5 7. Qb3 Bc8 8. Bd3 e6 9. Nf3 Nc6 10. 0-0 Be7 11. Rac1 0-0 12. Ne5 Nxe5 13. Bxe5 Bd6 14. Bxd6 Qxd6 15. f3 Bd7 16. Na4 Bxa4 17. Qxa4 b5 18. Qc2 h6 19. Qc5 Qd8 20. b4 Rc8 21. Qxc8 Qxc8 22. Rxc8 Rxc8 23. Kf2 Kf8 24. Ke2 Ke7 25. Kd2 Nd7 26. a4 bxa4 27. Ra1 Nb8 28. Rxa4 Rc6 29. Ra5 g6 30. Rc5 Rb6 31. Kc3 Nc6 32. b5 axb5 33. Rxb5 Rxb5 34. Bxb5 Na5 35. Kb4 Nb7 36. Bd3 Nd6 37. Kc5 Ne8 38. g4 g5 39. e4 Nf6 40. e5 Ne8 41. Bb5 Ng7 42. Ba4 f6 43. exf6+ Kxf6 44. Kd6 h5 45. Bb5 hxg4 46. fxg4 Kf7 47. Ke5 Ke7 48. Ba4 Kf7 49. Kd6 Kf6 50. Bc2 Kf7 51. Ba4 Kf6 52. Kc5 Ke7 53. Bc6 Kf7 54. Kd6 Kf6 55. Kd7 1/2-1/2

[Event "Madrid Alcorcon op 1st"]
[Site "Madrid"]
[Date "2022.12.28"]
[Round "6"]
[White "Ibanez Valentin, Gabriel"]
[Black "Condezo Abderrahim, Ibrahim"]
[Result "1/2-1/2"]
[WhiteElo "1358"]
[BlackElo "1604"]
[PlyCount "151"]
[EventDate "2022.12.26"]
[EventType "swiss"]
[EventRounds "9"]
[EventCountry "ESP"]
[SourceTitle "CBM 212 Extra"]
[Source "ChessBase"]
[SourceDate "2023.03.31"]
[SourceVersion "1"]
[SourceVersionDate "2023.03.31"]
[SourceQuality "1"]

1. e4 c5 2. c3 Nf6 3. e5 Nd5 4. d4 cxd4 5. Nf3 Nc6 6. cxd4 d6 7. Be2 e6 8. 0-0 Be7 9. Bc4 Nb6 10. Bb3 dxe5 11. dxe5 0-0 12. Nc3 a6 13. Be3 Qc7 14. Bxb6 Qxb6 15. Qe2 Qc7 16. Rac1 Bd7 17. Rfd1 Rad8 18. h3 b5 19. a3 Qb6 20. Ne4 Na5 21. Bc2 Bc6 22. Rxd8 Rxd8 23. Rd1 Nc4 24. Rxd8+ Qxd8 25. Bd3 Nxb2 26. Qc2 Qd5 27. Bxb5 axb5 28. Nc3 Qc5 29. Qxb2 Qxa3 30. Qxa3 Bxa3 31. Nd4 Bb2 32. Ncxb5 Bxb5 33. Nxb5 Bxe5 34. Na3 Kf8 35. Kf1 Ke7 36. Nc4 Bd4 37. Ke2 Kd7 38. f3 Kc6 39. Kd3 Kd5 40. Nd2 f5 41. Nb3 e5 42. Nd2 h5 43. g4 hxg4 44. hxg4 g6 45. gxf5 gxf5 46. Nf1 Bf2 47. Ke2 Bh4 48. Kd3 Bg5 49. Ng3 Ke6 50. Kc4 Bh6 51. Kd3 Kf6 52. Ke2 Kg5 53. Kf2 Bf8 54. Ne2 Bc5+ 55. Kg3 Bd4 56. Nc1 Be3 57. Nd3 Bd4 58. Nc1 Bc3 59. Nd3 Bd4 60. Nc1 Bb6 61. Nd3 Bc7 62. Nc5 Bd6 63. Nd3 Kh5 64. Kh3 Kg5 65. Kg2 Kh4 66. Ne1 Bc7 67. Nd3 Kg5 68. Nc5 Bd6 69. Nd3 Bb8 70. Kh3 e4 71. fxe4 fxe4 72. Nf2 e3 73. Nd3 Kf5 74. Kg2 Ke4 75. Ne1 Be5 76. Kf1 1/2-1/2

[Event "Madrid-ch U12"]
[Site "Madrid"]
[Date "2022.04.09"]
[Round "5"]
[White "Ibanez Valentin, Gabriel"]
[Black "Mata Medina, Andres"]
[Result "1-0"]
[WhiteElo "1105"]
[BlackElo "1439"]
[PlyCount "89"]
[EventDate "2022.04.02"]
[EventType "swiss"]
[EventRounds "6"]
[EventCountry "ESP"]
[SourceTitle "EXT 2024"]
[Source "ChessBase"]
[SourceDate "2023.10.10"]
[SourceVersion "1"]
[SourceVersionDate "2023.10.10"]
[SourceQuality "1"]

1. e4 e5 2. Nf3 Nc6 3. Bc4 Bc5 4. d3 Nf6 5. Nc3 h6 6. h3 d6 7. Bb3 0-0 8. 0-0 Re8 9. Re1 Na5 10. Na4 Bb6 11. Bd2 Nxb3 12. axb3 Bd7 13. Nxb6 axb6 14. Rxa8 Qxa8 15. Qa1 b5 16. b4 b6 17. b3 Qc6 18. Qc3 Ra8 19. Qb2 Nh5 20. c4 Nf4 21. Bxf4 exf4 22. Nd4 Qb7 23. Ra1 bxc4 24. bxc4 Ra7 25. b5 Qa8 26. Nb3 f5 27. f3 Rxa1+ 28. Qxa1 Qxa1+ 29. Nxa1 Kf7 30. Kf2 Be6 31. Nc2 Kf6 32. Nd4 Bd7 33. Ne2 g5 34. h4 fxe4 35. fxe4 Ke5 36. Kf3 g4+ 37. Kf2 h5 38. g3 f3 39. Nf4 Be8 40. Ke3 Bf7 41. Nd5 Bxd5 42. cxd5 f2 43. d4+ Kf6 44. Kxf2 Kg6 45. Ke3 1-0